000 00829nam a2200229 i 4500
001 23220
003 ES-MaACL
005 20251014063051.0
007 t|
008 021209s1885 sp f |||| | spa d
080 _a656.2
100 1 _aAlzola y Minondo, Pablo de,
_d1841-1912
_921064
245 1 0 _aFerro-carriles de vía ancha y de vía estrecha /
_cpor Pablo de Alzola.
246 3 _aFerrocarriles de vía ancha y de vía estrecha
260 _aMadrid :
_b[s.n.],
_c1885 (
_fEstab. Tip. de Gregorio Juste)
300 _a204 p., [5] h. pleg. de lám. ;
_c26 cm.
530 _aDisponible en formato digital.
650 4 _aFerrocarriles-
_yS.XIX.
_912763
852 4 _aES-MaACL
_jT-450-F-1
856 4 _uhttp://bdh-rd.bne.es/viewer.vm?id=0000187488&page=1
_zBiblioteca Digital Hispánica
999 _c23220
_d23220